Antonin Cyril Stojan, apostle of church unity : human and spiritual profile /

Bibliographic Details
Main Author: Němec, Ludvík
Format: Book
Language:English
Published: New Rochelle, N.Y. : Don Bosco Publications, [1983]
Subjects:

MARC

Tag First Indicator Second Indicator Subfields
LEADER 00000cam a2200000 a 4500
001 in00001571221
005 20151022083537.0
008 831122s1983 nyua b 001 0beng
010 |a  83070817  
019 |a 9648237 
020 |a 0899440681 (pbk.) 
035 |a (OCoLC)ocm10299118 
040 |a DLC  |c DLC  |d TXA  |d UtOrBLW 
049 |a TXAM 
050 0 0 |a BX4705.S8318  |b N45 1983 
082 0 |a 282/.092/4  |a B  |2 19 
100 1 |a Němec, Ludvík. 
245 1 0 |a Antonin Cyril Stojan, apostle of church unity :  |b human and spiritual profile /  |c by Ludvik Nemec. 
264 1 |a New Rochelle, N.Y. :  |b Don Bosco Publications,  |c [1983] 
264 4 |c ©1983 
300 |a xxi, 233 pages :  |b illustrations ;  |c 23 cm. 
336 |a text  |b txt  |2 rdacontent 
337 |a unmediated  |b n  |2 rdamedia 
338 |a volume  |b nc  |2 rdacarrier 
504 |a Bibliography: pages [206]-224. 
500 |a Includes index. 
600 1 0 |a Stojan, Antonin Cyril,  |d 1851-1923. 
610 2 0 |a Catholic Church  |z Czechoslovakia  |x Bishops  |x Biography. 
948 |a cataloged  |b h  |c 2000/11/7  |d c  |e dchroust  |f 2:21:38 pm 
994 |a E0  |b TXA 
999 |a MARS 
999 f f |s a8b6515f-e841-380c-8ccf-f7fae948f532  |i 4c23badf-611b-30f8-be38-6c3dbc1ada5c  |t 0 
952 f f |p ric  |a Texas A&M University  |b Rellis Campus  |c Joint Library Facility  |d Remote Storage  |t 0  |e BX4705.S8318 N45 1983  |h Library of Congress classification  |i unmediated -- volume  |m A14826631800 
998 f f |a BX4705.S8318 N45 1983  |t 0  |l Remote Storage